00000000nam 2200000zi 4500
0019.946671
003CaOODSP
00520250109140705
006m     o  d f      
007cr bn|||||||||
008250109e198703##onc     o    f000 0 eng d
040 |aCaOODSP|beng|erda|cCaOODSP
0861 |aCo24-3/1-87-002E-PDF
1001 |aStahmer, Anna, |eauthor.
24510|aCommunications technology and distance learning in Canada : |ba survey of Canadian activities / |cAnna Stahmer; with assistance from Barbara Helm.
264 1|a[Ottawa] : |b[Department of Communications], |cMarch 1987.
300 |a1 online resource (246 pages).
336 |atext|btxt|2rdacontent
337 |acomputer|bc|2rdamedia
338 |aonline resource|bcr|2rdacarrier
4901 |aDOC contractor report ; |vDOC-CR-IE-87-002
500 |aDigitized copy from print [produced by Innovation, Science and Economic Development Canada].
500 |a"Contract No. 36100-5-0220."
520 |a"Communications technologies and distance learning have for a long time made easy partners. Radio and television have been used to serve Canadians with very different learning needs, such as the rural farm forums or educational classroom television"--Introduction to the sourcebook, page 1.
650 0|aDistance education|zCanada.
650 0|aDigital communications|zCanada.
650 6|aEnseignement à distance|zCanada.
650 6|aTransmission numérique|zCanada.
7101 |aCanada. |bDepartment of Communications, |eissuing body.
7102 |aRyerson Polytechnical Institute, |eissuing body.
830#0|aDOC contractor report (Canada. Department of Communications)|vDOC-CR-IE-87-002.|w(CaOODSP)9.869864
85640|qPDF|s3.52 MB|uhttps://publications.gc.ca/collections/collection_2025/isde-ised/co24/Co24-3-1-87-002-eng.pdf